Derecho inmobiliario registral o hipotecario / (Record no. 5624)

MARC details
000 -LEADER
campo de control de longitud fija 00923nam a2200241 i 4500
001 - NÚMERO DE CONTROL
campo de control 5624
003 - IDENTIFICADOR DE NÚMERO DE CONTROL
campo de control ES-MaACL
005 - FECHA Y HORA DE LA ÚLTIMA TRANSACCIÓN
campo de control 20230906144638.0
007 - CAMPO FIJO DE DESCRIPCIÓN FÍSICA--INFORMACIÓN GENERAL
campo de control de longitud fija t|
008 - DATOS DE LONGITUD FIJA--INFORMACIÓN GENERAL
campo de control de longitud fija 890208m19889999sp ||||1| spa d
020 ## - NÚMERO INTERNACIONAL ESTÁNDAR DEL LIBRO
Número Internacional Estándar del Libro 84-7398-574-5 (O.C.)
080 ## - NÚMERO DE LA CLASIFICACIÓN DECIMAL UNIVERSAL
Número de la Clasificación Decimal Universal 347.235(46)(094.4)
080 ## - NÚMERO DE LA CLASIFICACIÓN DECIMAL UNIVERSAL
Número de la Clasificación Decimal Universal 347.7(46)(094.4)
080 ## - NÚMERO DE LA CLASIFICACIÓN DECIMAL UNIVERSAL
Número de la Clasificación Decimal Universal 347.27(46)(094.4)
100 1# - ENTRADA PRINCIPAL--NOMBRE DE PERSONA
Nombre de persona García García, José Manuel (
Fechas asociadas al nombre 1942-)
9 (RLIN) 54664
245 10 - MENCIÓN DEL TÍTULO
Título Derecho inmobiliario registral o hipotecario /
Mención de responsabilidad, etc. José Manuel García García.
260 ## - PUBLICACIÓN, DISTRIBUCIÓN, ETC.
Lugar de publicación, distribución, etc. Madrid :
Nombre del editor, distribuidor, etc. Civitas,
Fecha de publicación, distribución, etc. 1988-<2002>
300 ## - DESCRIPCIÓN FÍSICA
Extensión v. <1-3, 5> ;
Dimensiones 24 cm.
500 ## - NOTA GENERAL
Nota general Indice.
505 8# - NOTA DE CONTENIDO CON FORMATO
Nota de contenido con formato Contiene: v. 1. [Sin título] v. 2. El concepto de tercero, inoponibilidad, fe pública, prioridad v. 3. Calificación, tracto, especialidad y otros principios v. 5. Urbanismo y registro
650 04 - PUNTO DE ACCESO ADICIONAL DE MATERIA--TÉRMINO DE MATERIA
Término de materia o nombre geográfico como elemento de entrada Derecho inmobiliario registral-
Subdivisión geográfica España.
9 (RLIN) 11715
852 ## - LOCALIZACIÓN
Ubicación ES-MaACL
Número de control de estantería P-602
Sublocalización o colección R.116446
Nota libre . - plast.
Holdings
Estatus retirado Estado de pérdida Estado de daño No para préstamo Biblioteca de origen Biblioteca actual Ubicación en estantería Fecha de adquisición Fuente de adquisición Total de préstamos Signatura topográfica completa Código de barras Visto por última vez Precio de reemplazo Tipo de ítem Koha
        Biblioteca del Ateneo de Madrid Biblioteca del Ateneo de Madrid Depósito 2 17/01/2008     P-602 1005702 23/02/2023 23/02/2023 Libro impreso